Programming with Java: Beginner to Advanced/ (Record no. 209122)
[ view plain ]
| 000 -LEADER | |
|---|---|
| fixed length control field | 00638nam a22002057a 4500 |
| 005 - DATE AND TIME OF LATEST TRANSACTION | |
| control field | 20260323163609.0 |
| 010 ## - LCCN (DPL NO) | |
| LC control number | BACEN25 ENG-148144 |
| 020 ## - INTERNATIONAL STANDARD BOOK NUMBER | |
| International Standard Book Number | 9789363865549 |
| Terms of availability | 899.00 |
| 035 ## - SYSTEM CONTROL NUMBER | |
| System control number | EN-131676 |
| 037 ## - SOURCE OF ACQUISITION | |
| Source of stock number/acquisition | International Book Center |
| 037 ## - SOURCE OF ACQUISITION | |
| Source of stock number/acquisition | DBAD |
| 082 ## - DEWEY DECIMAL CLASSIFICATION NUMBER | |
| Classification number | 005 |
| Edition number | 7 |
| 100 ## - MAIN ENTRY--PERSONAL NAME | |
| Personal name | Horstmann, Cay S. |
| 245 ## - TITLE STATEMENT | |
| Title | Programming with Java: Beginner to Advanced/ |
| Statement of responsibility, etc | By Cay S. Horstmann |
| 250 ## - EDITION STATEMENT | |
| Edition statement | 7 |
| 260 ## - PUBLICATION, DISTRIBUTION, ETC. (IMPRINT) | |
| Place of publication, distribution, etc | New Delhi |
| Date of publication, distribution, etc | 2025 |
| Name of publisher, distributor, etc | Wiley India Pvt Ltd |
| 270 ## - ADDRESS | |
| City | New Delhi |
| Address | 4436/7, Ansari Road, Darya Ganj |
| Postal code | 110002 |
| 300 ## - PHYSICAL DESCRIPTION | |
| Extent | xxxvii,909p. |
| Dimensions | 24cm (pb) |
| Other physical details | Index |
| 942 ## - ADDED ENTRY ELEMENTS (KOHA) | |
| Source of classification or shelving scheme | Dewey Decimal Classification |
| Item type | English Books |
| Classification part | 005 |
| Call number suffix | HOR |
| Edition | 7 |
| Withdrawn status | Lost status | Not for loan | Collection code | Home library | Current library | Date acquired | Source of acquisition | Cost, normal purchase price | Full call number | Barcode | Copy number | Cost, replacement price | Koha item type |
|---|---|---|---|---|---|---|---|---|---|---|---|---|---|
| Not For Loan | Non-fiction | D.B.Act.Division | D.B.Act.Division | 23/03/2026 | Delivery of Books Act Division | 899.00 | 005 HOR | EN-131676 | 1 | 899.00 | English Books |
